[Event "EU-ch U18"]
[Site "Vejen"]
[Date "1993.??.??"]
[Round "6"]
[White "Savko, Alexei"]
[Black "Rogozenco, Dorian"]
[Result "0-1"]
[WhiteElo "2340"]
[BlackElo "2500"]
[PlyCount "56"]
[EventDate "1993.??.??"]
[EventType "swiss"]
[EventRounds "11"]
[EventCountry "DEN"]
[Source "ChessBase"]
[SourceDate "1998.11.10"]

1. e4 c5 2. Nf3 e6 3. d4 cxd4 4. Nxd4 Nf6 5. Nc3 Nc6 6. Ndb5 d6 7. Bf4 e5 8.
Bg5 a6 9. Na3 b5 10. Bxf6 gxf6 11. Nd5 f5 12. Bd3 Be6 13. Qh5 Rg8 14. g3 Rg5
15. Qxh7 Bxd5 16. exd5 Ne7 17. h4 Rg6 18. Qh5 Qa5+ 19. c3 b4 20. Nc4 Qxd5 21.
O-O-O bxc3 22. b3 e4 23. Bxe4 Qxe4 24. Rhe1 Bh6+ 25. f4 Qg2 26. Qxf5 Qxg3 27.
Re4 Kf8 28. Qd7 Bxf4+ 0-1

[Event "EU-ch U18"]
[Site "Vejen"]
[Date "1993.??.??"]
[Round "6"]
[White "Silva, Paulo"]
[Black "Peart, Alan"]
[Result "0-1"]
[WhiteElo "1950"]
[BlackElo "2115"]
[PlyCount "138"]
[EventDate "1993.??.??"]
[EventType "swiss"]
[EventRounds "11"]
[EventCountry "DEN"]
[Source "ChessBase"]
[SourceDate "1998.11.10"]

1. c4 Nf6 2. Nc3 c5 3. g3 Nc6 4. Bg2 e6 5. Nf3 d5 6. d4 Be7 7. cxd5 exd5 8. O-O
O-O 9. e3 Bg4 10. Qa4 a6 11. Ne5 cxd4 12. Nxg4 dxc3 13. bxc3 b5 14. Nxf6+ Bxf6
15. Qc2 Rc8 16. Bb2 d4 17. Bxc6 Rxc6 18. Rfd1 Qb6 19. exd4 Bxd4 20. Qd2 Bf6 21.
a4 bxa4 22. Rxa4 h6 23. Rda1 Rd8 24. Qe2 Rb8 25. Rxa6 Qb7 26. Rxc6 Qxc6 27. Rc1
Rb3 28. Rc2 g6 29. Rc1 h5 30. Ba1 Qa4 31. Qd1 Qa2 32. c4 Bg5 33. Rc2 Qb1 34.
Qxb1 Rxb1+ 35. Kg2 Rxa1 36. c5 Ra7 37. Kf3 Rc7 38. Ke4 Kf8 39. Kd5 Ke7 40. c6
Bf6 41. Re2+ Kd8 42. Ra2 h4 43. Kd6 Be7+ 44. Kd5 hxg3 45. hxg3 Bb4 46. Ra4 Be1
47. Kd6 Rc8 48. Ra7 Bxf2 49. Rxf7 Bxg3+ 50. Kd5 Rc7 51. Rf3 Bh2 52. Rf2 Rh7 53.
Ke6 g5 54. Ra2 Rh6+ 55. Kd5 g4 56. Ra8+ Ke7 57. Rg8 Rh4 58. Rg7+ Kf6 59. Rg8
Rh5+ 60. Ke4 Re5+ 61. Kd3 Rg5 62. Rf8+ Ke7 63. Rh8 Bc7 64. Rh7+ Kd6 65. Rh6+
Kc5 66. Ke3 g3 67. Rh1 g2 68. Rg1 Bh2 69. Rc1+ Kb6 0-1

[Event "EU-ch U18"]
[Site "Vejen"]
[Date "1993.??.??"]
[Round "6"]
[White "Skrebnevskis, Romanas"]
[Black "Georgiev, Vladimir"]
[Result "0-1"]
[WhiteElo "2105"]
[BlackElo "2430"]
[PlyCount "76"]
[EventDate "1993.??.??"]
[EventType "swiss"]
[EventRounds "11"]
[EventCountry "DEN"]
[Source "ChessBase"]
[SourceDate "1998.11.10"]

1. e4 c5 2. f4 Nc6 3. d3 g6 4. c3 Bg7 5. Be3 d6 6. Nf3 Nf6 7. h3 Nh5 8. Kf2 e5
9. f5 gxf5 10. exf5 Nf4 11. Bxf4 exf4 12. Qd2 Be5 13. Na3 Bxf5 14. d4 cxd4 15.
cxd4 O-O 16. Bb5 Bg7 17. Qxf4 Qf6 18. Rhd1 Nb4 19. g4 Bg6 20. Qxf6 Bxf6 21. Bd7
a6 22. Rd2 b5 23. Bf5 Bxf5 24. gxf5 Rac8 25. h4 Kh8 26. Rg1 h6 27. Rg4 Rfe8 28.
b3 Nd5 29. Nc2 Rxc2 30. Rxc2 Ne3 31. Ne5 Nxc2 32. Nxf7+ Kh7 33. Nxd6 Rd8 34.
Nf7 Rxd4 35. Rg6 Rf4+ 36. Kg2 Rxf5 37. Rxh6+ Kg7 38. Nd6 Ne3+ 0-1

[Event "EU-ch U18"]
[Site "Vejen"]
[Date "1993.??.??"]
[Round "6"]
[White "Turner, Matthew"]
[Black "Fyllingen, Roy Harald"]
[Result "0-1"]
[WhiteElo "2400"]
[BlackElo "2330"]
[PlyCount "62"]
[EventDate "1993.??.??"]
[EventType "swiss"]
[EventRounds "11"]
[EventCountry "DEN"]
[Source "ChessBase"]
[SourceDate "1998.11.10"]

1. e4 e5 2. Nf3 Nc6 3. Bb5 a6 4. Ba4 Nf6 5. O-O Be7 6. Bxc6 dxc6 7. d3 Nd7 8.
Nbd2 O-O 9. Nc4 f6 10. Nh4 b5 11. Ne3 g6 12. Qg4 Rf7 13. Nef5 Kh8 14. Nxe7 Qxe7
15. Qg3 Nf8 16. a4 Ne6 17. Nf3 g5 18. h4 Nf4 19. Qh2 Bg4 20. Bxf4 gxf4 21. Nd2
Rg8 22. f3 Be6 23. Rf2 Rfg7 24. axb5 axb5 25. Nf1 Qc5 26. c3 Rg3 27. d4 exd4
28. h5 dxc3 29. bxc3 Qxc3 30. Rd1 Qe5 31. Rfd2 Rh3 0-1

[Event "EU-ch U18"]
[Site "Vejen"]
[Date "1993.??.??"]
[Round "7"]
[White "Aleksandrov, Aleksej"]
[Black "Maiwald, Jens Uwe"]
[Result "1-0"]
[WhiteElo "2530"]
[BlackElo "2430"]
[PlyCount "87"]
[EventDate "1993.??.??"]
[EventType "swiss"]
[EventRounds "11"]
[EventCountry "DEN"]
[Source "ChessBase"]
[SourceDate "1998.11.10"]

1. d4 Nf6 2. c4 d6 3. Nc3 g6 4. e4 Bg7 5. Bd3 O-O 6. Nge2 e5 7. d5 a5 8. O-O
Nh5 9. Be3 Na6 10. a3 Bd7 11. Rb1 f5 12. exf5 gxf5 13. Ng3 Nxg3 14. fxg3 Qe8
15. Bc2 Qg6 16. b4 axb4 17. axb4 b6 18. Qd2 Qg4 19. Bd1 Qg6 20. Bc2 Qg4 21. Bd1
Qg6 22. Be2 h5 23. Qd1 h4 24. gxh4 f4 25. Bd3 Qh6 26. Bf2 Bf6 27. h5 Be7 28.
Be4 Nb8 29. c5 Kh8 30. cxb6 cxb6 31. Bxb6 Be8 32. Bf3 Nd7 33. Bf2 Rg8 34. Kh1
Bd8 35. Ne4 Bf7 36. b5 Rb8 37. Rb2 Nb6 38. Bxb6 Rxb6 39. Nd2 Rg5 40. Ne4 Rf5
41. Rc2 Rb8 42. Rc6 Be7 43. Qd3 Bxh5 44. Nxd6 1-0

[Event "EU-ch U18"]
[Site "Vejen"]
[Date "1993.??.??"]
[Round "7"]
[White "Brancaleoni, Maurizio"]
[Black "Peart, Alan"]
[Result "1-0"]
[WhiteElo "2195"]
[BlackElo "2115"]
[PlyCount "77"]
[EventDate "1993.??.??"]
[EventType "swiss"]
[EventRounds "11"]
[EventCountry "DEN"]
[Source "ChessBase"]
[SourceDate "1998.11.10"]

1. d4 Nf6 2. c4 c5 3. d5 b5 4. cxb5 a6 5. e3 g6 6. Nc3 Bg7 7. a4 Bb7 8. e4 e6
9. Be3 Qa5 10. Qd2 O-O 11. Bxc5 Rc8 12. Bd4 Nxe4 13. Nxe4 Qxd2+ 14. Kxd2 Bxd4
15. Nd6 Rc7 16. Ne2 Bxf2 17. Nxb7 Rxb7 18. Nc3 Bd4 19. Bc4 e5 20. d6 axb5 21.
axb5 Rxa1 22. Rxa1 Kg7 23. g4 f5 24. gxf5 gxf5 25. Bf1 Kg6 26. Bd3 Bxc3+ 27.
Kxc3 e4 28. Bc4 Kf6 29. Kd4 Ra7 30. Rg1 Ra4 31. Rg8 Ra8 32. Bd5 Ra4+ 33. Bc4
Ra8 34. b3 h5 35. Bd5 Ra2 36. Rxb8 Rd2+ 37. Kc4 Ke5 38. Re8+ Kxd6 39. b6 1-0

[Event "EU-ch U18"]
[Site "Vejen"]
[Date "1993.??.??"]
[Round "7"]
[White "Georgiev, Vladimir"]
[Black "Fyllingen, Roy Harald"]
[Result "1-0"]
[WhiteElo "2430"]
[BlackElo "2330"]
[PlyCount "63"]
[EventDate "1993.??.??"]
[EventType "swiss"]
[EventRounds "11"]
[EventCountry "DEN"]
[Source "ChessBase"]
[SourceDate "1998.11.10"]

1. d4 Nf6 2. Nf3 e6 3. Bg5 c5 4. c3 Nc6 5. e3 h6 6. Bh4 cxd4 7. exd4 g5 8. Bg3
Ne4 9. Nbd2 Nxg3 10. hxg3 d5 11. Bd3 Bg7 12. Qe2 Bd7 13. O-O O-O 14. Rae1 Qc7
15. Ne5 Nxe5 16. dxe5 f6 17. exf6 Rxf6 18. Nf3 Raf8 19. Ne5 Bc8 20. Qh5 Qb6 21.
Ng4 Qxb2 22. Nxf6+ Rxf6 23. Qe8+ Rf8 24. Qg6 Rf6 25. Qh7+ Kf7 26. Re2 Qb6 27.
c4 d4 28. f4 g4 29. c5 Qc7 30. f5 e5 31. Rfe1 Qxc5 32. Rxe5 1-0

[Event "EU-ch U18"]
[Site "Vejen"]
[Date "1993.??.??"]
[Round "7"]
[White "Guliev, Logman"]
[Black "Vedder, Henk"]
[Result "0-1"]
[WhiteElo "2315"]
[BlackElo "2385"]
[PlyCount "108"]
[EventDate "1993.??.??"]
[EventType "swiss"]
[EventRounds "11"]
[EventCountry "DEN"]
[Source "ChessBase"]
[SourceDate "1998.11.10"]

1. e4 e6 2. d4 d5 3. Nc3 Nf6 4. Bg5 Be7 5. e5 Nfd7 6. h4 c5 7. Bxe7 Kxe7 8. f4
Nc6 9. Nf3 a6 10. Qd2 b5 11. dxc5 Nxc5 12. O-O-O Qb6 13. Nd4 Nxd4 14. Qxd4 b4
15. Ne2 a5 16. Rh3 Ba6 17. Kb1 Rab8 18. Rf3 Ne4 19. Qxb6 Rxb6 20. Ng3 Bxf1 21.
Nxf1 Rc6 22. Nd2 Nxd2+ 23. Rxd2 Rc4 24. g3 Re4 25. a3 h5 26. Ka2 Kd7 27. c3
bxc3 28. Rxc3 Rc8 29. Rb3 a4 30. Rb4 Rxb4 31. axb4 Rc1 32. b5 Rc4 33. b3 axb3+
34. Kxb3 Kc7 35. Ra2 Kb6 36. Ra6+ Kxb5 37. Ra7 Re4 38. Rxf7 Re3+ 39. Kc2 Rxg3
40. f5 exf5 41. Rxf5 g6 42. Rf6 Kc5 43. Kd2 Rg4 44. Kd3 Rd4+ 45. Kc3 Rxh4 46.
Rxg6 Rh1 47. Rg8 d4+ 48. Kd3 h4 49. e6 Kd6 50. Kxd4 h3 51. Rd8+ Ke7 52. Rh8 h2
53. Rh7+ Kxe6 54. Rh6+ Kf5 0-1

[Event "EU-ch U18"]
[Site "Vejen"]
[Date "1993.??.??"]
[Round "7"]
[White "Hebesberger, Thomas"]
[Black "Silva, Paulo"]
[Result "1-0"]
[WhiteElo "2175"]
[BlackElo "1950"]
[PlyCount "93"]
[EventDate "1993.??.??"]
[EventType "swiss"]
[EventRounds "11"]
[EventCountry "DEN"]
[Source "ChessBase"]
[SourceDate "1998.11.10"]

1. d4 Nf6 2. Nf3 e6 3. e3 d5 4. Bd3 c5 5. b3 Nc6 6. O-O Be7 7. Bb2 O-O 8. Nbd2
b6 9. Ne5 Qc7 10. a3 Bb7 11. f4 cxd4 12. exd4 Rac8 13. Qf3 Nxe5 14. fxe5 Ne4
15. Qe2 Nxd2 16. Qxd2 f5 17. exf6 Bxf6 18. Rae1 Rce8 19. Qe2 Bc8 20. a4 Qd6 21.
Bxh7+ Kxh7 22. Qh5+ Kg8 23. Rxf6 Rxf6 24. Qxe8+ Rf8 25. Qh5 Ba6 26. Bc1 Rf5 27.
Qg6 Rf6 28. Qg4 Qf8 29. Qd1 Qf7 30. h3 Qg6 31. Be3 Rf8 32. Qd2 Rc8 33. Rc1 Qf5
34. Bf4 Qe4 35. Be5 Qf5 36. Kh2 Qg6 37. a5 b5 38. Bd6 Rc6 39. Be5 Bc8 40. c3 a6
41. Qf4 Bd7 42. Rf1 Rc8 43. Rf3 Qf5 44. Qh4 Qh7 45. Qe7 g6 46. Qf6 Ra8 47. Rf4
1-0

[Event "EU-ch U18"]
[Site "Vejen"]
[Date "1993.??.??"]
[Round "7"]
[White "Kekelidze, Mikheil"]
[Black "Antonsen, Mikkel"]
[Result "1/2-1/2"]
[WhiteElo "2230"]
[BlackElo "2385"]
[PlyCount "48"]
[EventDate "1993.??.??"]
[EventType "swiss"]
[EventRounds "11"]
[EventCountry "DEN"]
[Source "ChessBase"]
[SourceDate "1998.11.10"]

1. e4 d6 2. d4 Nf6 3. Nc3 g6 4. f3 c6 5. Be3 b5 6. Qd2 Bg7 7. Nge2 Nbd7 8. g4
e5 9. g5 Nh5 10. d5 Nb6 11. Bxb6 Qxb6 12. dxc6 Be6 13. Ng3 Nf4 14. Nd5 Bxd5 15.
exd5 h6 16. h4 hxg5 17. hxg5 Rxh1 18. Nxh1 Qg1 19. O-O-O Qxh1 20. Qb4 Qxf3 21.
Qxd6 Qe3+ 22. Kb1 Qf3 23. Kc1 Qe3+ 24. Kb1 Qf3 1/2-1/2

[Event "EU-ch U18"]
[Site "Vejen"]
[Date "1993.??.??"]
[Round "7"]
[White "Kempinski, Robert"]
[Black "Skrebnevskis, Romanas"]
[Result "1/2-1/2"]
[WhiteElo "2370"]
[BlackElo "2105"]
[PlyCount "178"]
[EventDate "1993.??.??"]
[EventType "swiss"]
[EventRounds "11"]
[EventCountry "DEN"]
[Source "ChessBase"]
[SourceDate "1998.11.10"]

1. Nf3 Nf6 2. c4 e6 3. d4 c5 4. Nc3 cxd4 5. Nxd4 Bb4 6. Qb3 Bxc3+ 7. Qxc3 O-O
8. Bg5 d5 9. cxd5 exd5 10. Rc1 Be6 11. e3 Nbd7 12. Bd3 Ne5 13. O-O Rc8 14. Qb3
Qe7 15. Be2 Nc6 16. Qa4 h6 17. Nxc6 bxc6 18. Bxf6 Qxf6 19. b4 a5 20. Ba6 Ra8
21. Rxc6 axb4 22. Qxb4 Qg5 23. f4 Qg4 24. Rb6 Bf5 25. h3 Qh4 26. Kh2 Be4 27. a4
Qh5 28. Rf2 Qd1 29. Qd4 Qe1 30. Rf1 Qa5 31. Bb7 Ra7 32. Ra1 Rb8 33. Rb5 Qxb5
34. axb5 Raxb7 35. Ra5 Rxb5 36. Ra2 Rb1 37. Qe5 Rc8 38. Rf2 Rbc1 39. g4 Re1 40.
Qd4 Rcc1 41. f5 Rh1+ 42. Kg3 Rcg1+ 43. Kh4 h5 44. gxh5 Kh7 45. Qa7 f6 46. Qf7
Rg5 47. Qe8 Rc1 48. Rf4 Rc4 49. Rg4 Bxf5 50. Rxc4 dxc4 51. e4 c3 52. exf5 c2
53. Qc6 Rg2 54. h6 Kxh6 55. Qc7 g5+ 56. fxg6 Kxg6 57. Qc6 Kf5 58. Kh5 Rg5+ 59.
Kh6 Rg2 60. h4 Ke5 61. h5 f5 62. Kh7 f4 63. h6 Kd4 64. Qf6+ Ke4 65. Qe6+ Kd4
66. Qc6 Ke3 67. Qc5+ Ke4 68. Qc4+ Ke3 69. Qc3+ Ke4 70. Qe1+ Kd4 71. Qf1 Ke3 72.
Qe1+ Kd4 73. Kh8 f3 74. h7 Kd3 75. Qf1+ Ke4 76. Qc4+ Ke3 77. Qc3+ Ke4 78. Qc5
Kd3 79. Qf5+ Ke3 80. Qe5+ Kf2 81. Qd4+ Kg3 82. Kg7 c1=Q 83. h8=Q f2 84. Qhh4+
Kf3+ 85. Kf8 Qc8+ 86. Ke7 Qc7+ 87. Kf8 Qc8+ 88. Ke7 Qb7+ 89. Kf8 Qc8+ 1/2-1/2

[Event "EU-ch U18"]
[Site "Vejen"]
[Date "1993.??.??"]
[Round "7"]
[White "Masserey, Yvan"]
[Black "Petrov, Jole"]
[Result "0-1"]
[WhiteElo "2320"]
[BlackElo "2360"]
[PlyCount "48"]
[EventDate "1993.??.??"]
[EventType "swiss"]
[EventRounds "11"]
[EventCountry "DEN"]
[Source "ChessBase"]
[SourceDate "1998.11.10"]

1. e4 Nf6 2. e5 Nd5 3. d4 d6 4. Nf3 dxe5 5. Nxe5 g6 6. Bc4 c6 7. Bb3 Bg7 8. O-O
O-O 9. Nd2 Be6 10. Ndf3 Nc7 11. c4 Nd7 12. Be3 c5 13. Nd3 Bf5 14. dxc5 Ne6 15.
c6 bxc6 16. Ba4 Qc7 17. Nb4 a5 18. Nxc6 Ndc5 19. Bb5 Bxb2 20. Bh6 Rfc8 21. a4
Be4 22. Ra2 Bc3 23. Nfd4 Nxd4 24. Nxd4 Rd8 0-1

[Event "EU-ch U18"]
[Site "Vejen"]
[Date "1993.??.??"]
[Round "7"]
[White "Nielsen, Peter Heine"]
[Black "Ceteras, Marius"]
[Result "1-0"]
[WhiteElo "2465"]
[BlackElo "2330"]
[PlyCount "115"]
[EventDate "1993.??.??"]
[EventType "swiss"]
[EventRounds "11"]
[EventCountry "DEN"]
[Source "ChessBase"]
[SourceDate "1998.11.10"]

1. d4 Nf6 2. c4 c5 3. d5 g6 4. Nc3 Bg7 5. e4 O-O 6. Be2 d6 7. Nf3 e6 8. h3 Re8
9. O-O exd5 10. exd5 a6 11. Bd3 Nbd7 12. Bf4 Nh5 13. Bh2 Ne5 14. Be2 Nxf3+ 15.
Bxf3 Nf6 16. Qd2 Qb6 17. Rfe1 Bd7 18. g4 h6 19. Kg2 Rxe1 20. Rxe1 Re8 21. Rxe8+
Nxe8 22. Bf4 g5 23. Bg3 Qd8 24. Qc2 b5 25. cxb5 axb5 26. Qb3 b4 27. Ne4 Qe7 28.
a3 f5 29. gxf5 Bxf5 30. Nd2 bxa3 31. bxa3 Be5 32. Qe3 Qd7 33. Bxe5 Bxh3+ 34.
Kh2 dxe5 35. Qxe5 Bf5 36. Nc4 Bd3 37. Be2 Bxe2 38. Qxe2 Nc7 39. d6 Ne6 40. Qb2
Kh7 41. Qf6 Kg8 42. Qg6+ Ng7 43. Ne5 Qe6 44. Qxe6+ Nxe6 45. a4 Kf8 46. a5 Nd4
47. a6 Nb5 48. Nd7+ Ke8 49. Nxc5 Kd8 50. Kg3 h5 51. f4 gxf4+ 52. Kxf4 Kc8 53.
Kg5 Kb8 54. d7 Kc7 55. Kxh5 Na7 56. Kg5 Nc6 57. Kf6 Nb8 58. d8=Q+ 1-0

[Event "EU-ch U18"]
[Site "Vejen"]
[Date "1993.??.??"]
[Round "7"]
[White "Nilssen, John Arni"]
[Black "Turner, Matthew"]
[Result "0-1"]
[WhiteElo "2265"]
[BlackElo "2400"]
[PlyCount "55"]
[EventDate "1993.??.??"]
[EventType "swiss"]
[EventRounds "11"]
[EventCountry "DEN"]
[Source "ChessBase"]
[SourceDate "1998.11.10"]

1. d4 Nf6 2. c4 g6 3. Nc3 Bg7 4. e4 d6 5. f3 O-O 6. Be3 e5 7. Nge2 Nbd7 8. Qd2
a6 9. O-O-O b5 10. g4 Nb6 11. Ng3 Bxg4 12. dxe5 Bxf3 13. exf6 Bxf6 14. Rg1 Bxd1
15. Qxd1 Nxc4 16. Bxc4 bxc4 17. Nh5 Be5 18. Bg5 Qc8 19. Nd5 Qh3 20. Bf6 Rfe8
21. Bxe5 Rxe5 22. Nhf6+ Kg7 23. Qe1 c6 24. Ng4 cxd5 25. Rg3 Qh5 26. Qc3 dxe4
27. Nxe5 Qxe5 28. Qxc4 0-1

[Event "EU-ch U18"]
[Site "Vejen"]
[Date "1993.??.??"]
[Round "7"]
[White "Oms Pallisse, Josep"]
[Black "Hedman, Erik"]
[Result "1/2-1/2"]
[WhiteElo "2150"]
[BlackElo "2255"]
[PlyCount "80"]
[EventDate "1993.??.??"]
[EventType "swiss"]
[EventRounds "11"]
[EventCountry "DEN"]
[Source "ChessBase"]
[SourceDate "1998.11.10"]

1. Nf3 Nf6 2. c4 e6 3. Nc3 Bb4 4. g3 b6 5. Bg2 Bxc3 6. bxc3 Bb7 7. d3 O-O 8. e4
d5 9. e5 Nfd7 10. cxd5 exd5 11. O-O Nc5 12. Ba3 Re8 13. Bxc5 bxc5 14. d4 Nd7
15. Re1 Qe7 16. Rb1 Nb6 17. Qb3 Bc8 18. Qa3 c4 19. Qxe7 Rxe7 20. Rb5 c6 21. Rb4
Rb7 22. Nd2 Rab8 23. Kf1 Bf5 24. Kg1 a5 25. Rb2 Na4 26. Rxb7 Rxb7 27. Nxc4 dxc4
28. Bxc6 Rb1 29. Rxb1 Bxb1 30. Bxa4 Bxa2 31. Bc2 Bb3 32. Bb1 a4 33. f4 a3 34.
Kf2 a2 35. Bxa2 Bxa2 36. Ke3 Kf8 37. d5 Ke7 38. Kd4 Kd7 39. g4 Bb3 40. Kc5 Bd1
1/2-1/2

[Event "EU-ch U18"]
[Site "Vejen"]
[Date "1993.??.??"]
[Round "7"]
[White "Oratovsky, Michael"]
[Black "Danielian, Oganes"]
[Result "1-0"]
[WhiteElo "2420"]
[BlackElo "2460"]
[PlyCount "91"]
[EventDate "1993.??.??"]
[EventType "swiss"]
[EventRounds "11"]
[EventCountry "DEN"]
[Source "ChessBase"]
[SourceDate "1998.11.10"]

1. e4 e6 2. d3 d5 3. Nd2 Nf6 4. Ngf3 Nc6 5. c3 Bd6 6. b4 O-O 7. Bb2 b6 8. Be2
Bb7 9. O-O dxe4 10. dxe4 Ng4 11. Qc2 Qf6 12. h3 Nge5 13. Nxe5 Bxe5 14. Nc4 Bf4
15. g3 Ne5 16. Nxe5 Bxe5 17. Bd3 c5 18. f4 c4 19. Bxc4 Rac8 20. fxe5 Qxe5 21.
Bb3 Qxg3+ 22. Qg2 Qe3+ 23. Kh2 Bxe4 24. Qf2 Qxf2+ 25. Rxf2 b5 26. Rg1 g6 27.
Rf4 Bb7 28. Rd1 Rfd8 29. Rdd4 Rxd4 30. Rxd4 Bf3 31. Kg3 Bh1 32. Kh2 Bf3 33. Kg3
Bh1 34. Rd7 Kf8 35. a4 a6 36. Rd1 Bc6 37. axb5 axb5 38. Bc1 Bf3 39. Rd3 Be2 40.
Re3 Ke7 41. Bd2 Bc4 42. Bxc4 bxc4 43. Re4 f6 44. Be3 e5 45. b5 Ke6 46. Ba7 1-0

[Event "EU-ch U18"]
[Site "Vejen"]
[Date "1993.??.??"]
[Round "7"]
[White "Pedersen, Steffen"]
[Black "Tratar, Marko"]
[Result "1/2-1/2"]
[WhiteElo "2385"]
[BlackElo "2290"]
[PlyCount "33"]
[EventDate "1993.??.??"]
[EventType "swiss"]
[EventRounds "11"]
[EventCountry "DEN"]
[Source "ChessBase"]
[SourceDate "1998.11.10"]

1. d4 Nf6 2. c4 g6 3. Nc3 Bg7 4. Bg5 d6 5. e3 O-O 6. Nf3 c6 7. Qc2 a6 8. a3 b5
9. Rd1 Nbd7 10. cxb5 cxb5 11. Bd3 Nb6 12. e4 Bg4 13. Qe2 Nfd7 14. Bb1 Rc8 15.
O-O Nc4 16. Nd5 Nf6 17. Nb4 1/2-1/2

[Event "EU-ch U18"]
[Site "Vejen"]
[Date "1993.??.??"]
[Round "7"]
[White "Rogozenco, Dorian"]
[Black "Babula, Vlastimil"]
[Result "1/2-1/2"]
[WhiteElo "2500"]
[BlackElo "2395"]
[PlyCount "81"]
[EventDate "1993.??.??"]
[EventType "swiss"]
[EventRounds "11"]
[EventCountry "DEN"]
[Source "ChessBase"]
[SourceDate "1998.11.10"]

1. d4 Nf6 2. c4 g6 3. Nc3 Bg7 4. e4 d6 5. f3 O-O 6. Be3 Nc6 7. Nge2 a6 8. Qd2
Rb8 9. h4 h5 10. Nc1 e5 11. d5 Nd4 12. N1e2 c5 13. dxc6 bxc6 14. Nxd4 exd4 15.
Bxd4 Re8 16. Be2 d5 17. cxd5 Rb4 18. Bc5 Nxe4 19. fxe4 Bxc3 20. Qxc3 Rbxe4 21.
O-O Rxe2 22. Rad1 cxd5 23. Qf3 Bf5 24. Rxd5 Qxh4 25. Rd4 Qg5 26. Rb4 h4 27. Bd4
Rc2 28. Bf2 h3 29. g4 a5 30. Rd4 Rxb2 31. Qxh3 Re4 32. Rxe4 Bxe4 33. Re1 Rb1
34. Rxb1 Bxb1 35. Be3 Qe5 36. a3 g5 37. Bf2 Be4 38. Qe3 Qa1+ 39. Be1 Qe5 40.
Bd2 f6 41. Bxa5 1/2-1/2

[Event "EU-ch U18"]
[Site "Vejen"]
[Date "1993.??.??"]
[Round "7"]
[White "Savko, Alexei"]
[Black "Izsak, Gyula"]
[Result "1/2-1/2"]
[WhiteElo "2340"]
[BlackElo "2385"]
[PlyCount "120"]
[EventDate "1993.??.??"]
[EventType "swiss"]
[EventRounds "11"]
[EventCountry "DEN"]
[Source "ChessBase"]
[SourceDate "1998.11.10"]

1. e4 c5 2. Nf3 e6 3. d4 cxd4 4. Nxd4 a6 5. Bd3 Nc6 6. Nxc6 bxc6 7. c4 Nf6 8.
Nc3 e5 9. O-O Bc5 10. Qe2 O-O 11. Be3 Bxe3 12. Qxe3 Rb8 13. b3 Qc7 14. c5 Rd8
15. Bc4 d6 16. cxd6 Rxd6 17. Rfd1 Be6 18. Rxd6 Qxd6 19. Bxa6 h6 20. Rd1 Qa3 21.
Be2 Qb4 22. Qd3 Ra8 23. h3 Nd7 24. Na4 Nb6 25. Nxb6 Qxb6 26. Rd2 Qb4 27. Bg4
Bxg4 28. hxg4 g6 29. Qe3 Kg7 30. Rc2 Ra6 31. Qe2 Rb6 32. Rc4 Qd6 33. Qc2 Qd7
34. f3 Qd6 35. Qc3 Ra6 36. a4 Rb6 37. a5 Qd1+ 38. Kh2 Rxb3 39. Qxe5+ Kh7 40.
Rd4 Qa1 41. Qf6 Rb7 42. Rd6 Qxf6 43. Rxf6 Rc7 44. Kg3 Kg7 45. e5 Ra7 46. Rxc6
Rxa5 47. Kf4 Ra2 48. Rc7 Re2 49. Ra7 Rxg2 50. e6 Re2 51. Rxf7+ Kg8 52. Re7 Kf8
53. Rh7 Rxe6 54. Rxh6 Kg7 55. Rh3 Ra6 56. Rh1 Kf6 57. Kg3 Ra2 58. Rh2 Ra6 59.
Rb2 g5 60. Kf2 Re6 1/2-1/2

[Event "EU-ch U18"]
[Site "Vejen"]
[Date "1993.??.??"]
[Round "7"]
[White "Van Beers, Eddy"]
[Black "Roberts, Paul"]
[Result "1-0"]
[WhiteElo "2175"]
[BlackElo "2195"]
[PlyCount "53"]
[EventDate "1993.??.??"]
[EventType "swiss"]
[EventRounds "11"]
[EventCountry "DEN"]
[Source "ChessBase"]
[SourceDate "1998.11.10"]

1. d4 f5 2. g3 g6 3. Bg2 Bg7 4. c4 Nf6 5. Nh3 d6 6. d5 O-O 7. Nf4 e5 8. dxe6 c6
9. O-O Qe7 10. Nc3 Bxe6 11. Nxe6 Qxe6 12. Qb3 Rf7 13. Rd1 Na6 14. Bf4 Rd7 15.
Rac1 Nc5 16. Qa3 Qxc4 17. Bxd6 Na6 18. Nd5 Qb5 19. Ne7+ Kh8 20. Nxc6 Ne4 21.
Bxe4 fxe4 22. Ne5 Rad8 23. Nxd7 Qxd7 24. Be5 Qxd1+ 25. Rxd1 Rxd1+ 26. Kg2 Rd7
27. Qf8# 1-0

[Event "EU-ch U18"]
[Site "Vejen"]
[Date "1993.??.??"]
[Round "8"]
[White "Aleksandrov, Aleksej"]
[Black "Oratovsky, Michael"]
[Result "1-0"]
[WhiteElo "2530"]
[BlackElo "2420"]
[PlyCount "75"]
[EventDate "1993.??.??"]
[EventType "swiss"]
[EventRounds "11"]
[EventCountry "DEN"]
[Source "ChessBase"]
[SourceDate "1998.11.10"]

1. d4 d5 2. c4 c6 3. Nc3 Nf6 4. e3 a6 5. Bd3 dxc4 6. Bxc4 b5 7. Bd3 Nbd7 8. Nf3
c5 9. O-O Bb7 10. e4 cxd4 11. Nxd4 e6 12. Re1 Nc5 13. Bc2 b4 14. e5 bxc3 15.
exf6 Qd5 16. Ba4+ Nd7 17. f3 Bc5 18. bxc3 gxf6 19. Be3 Rd8 20. Rb1 Ba8 21. Qb3
O-O 22. Rbd1 Nb6 23. Qc2 Nxa4 24. Qxa4 Qh5 25. Qxa6 Bd6 26. h3 Qe5 27. f4 Qe4
28. Qf1 Bc5 29. Kh2 Kh8 30. Bc1 Qd5 31. Nxe6 Qxd1 32. Rxd1 Rxd1 33. Qxd1 fxe6
34. Qd7 Bd5 35. f5 Rg8 36. g4 Ra8 37. a3 Ra6 38. Qe8+ 1-0

[Event "EU-ch U18"]
[Site "Vejen"]
[Date "1993.??.??"]
[Round "8"]
[White "Antonsen, Mikkel"]
[Black "Van Beers, Eddy"]
[Result "1-0"]
[WhiteElo "2385"]
[BlackElo "2175"]
[PlyCount "111"]
[EventDate "1993.??.??"]
[EventType "swiss"]
[EventRounds "11"]
[EventCountry "DEN"]
[Source "ChessBase"]
[SourceDate "1998.11.10"]

1. d4 Nf6 2. Nf3 e6 3. c4 c5 4. d5 b5 5. Bg5 Qa5+ 6. Nc3 Ne4 7. Bd2 Nxd2 8.
Qxd2 b4 9. Nd1 Be7 10. e4 Qc7 11. Ne3 Qf4 12. Bd3 d6 13. Qe2 e5 14. g3 Qf6 15.
O-O-O Na6 16. Nf5 g6 17. Nxe7 Qxe7 18. Nd2 Bh3 19. f4 O-O-O 20. fxe5 Qxe5 21.
Qf3 Bd7 22. Rhf1 Rhf8 23. Qf6 Nc7 24. Qxe5 dxe5 25. Rf2 f6 26. Rdf1 Bh3 27. Rg1
h5 28. Nb3 Na6 29. Bf1 Bd7 30. Bg2 Rf7 31. Kd2 Kc7 32. Nc1 Kd6 33. Nd3 Nc7 34.
Rgf1 Rdf8 35. a3 bxa3 36. b4 Na6 37. b5 Nb4 38. Ra1 Nxd3 39. Kxd3 f5 40. Rfa2
f4 41. Rxa3 Bc8 42. gxf4 Rxf4 43. Rxa7 Rf2 44. R1a2 g5 45. Ke3 Rxa2 46. Rxa2
Rf4 47. b6 Rh4 48. Ra8 Bb7 49. Rd8+ Ke7 50. Rb8 Ba6 51. b7 Bxb7 52. Rxb7+ Kd6
53. Rb6+ Kd7 54. h3 g4 55. hxg4 hxg4 56. Rg6 1-0

[Event "EU-ch U18"]
[Site "Vejen"]
[Date "1993.??.??"]
[Round "8"]
[White "Babula, Vlastimil"]
[Black "Bauer, Christian"]
[Result "1-0"]
[WhiteElo "2395"]
[BlackElo "2485"]
[PlyCount "103"]
[EventDate "1993.??.??"]
[EventType "swiss"]
[EventRounds "11"]
[EventCountry "DEN"]
[Source "ChessBase"]
[SourceDate "1998.11.10"]

1. d4 g6 2. c4 Bg7 3. e4 c5 4. d5 d6 5. Nc3 Nf6 6. Bd3 O-O 7. h3 a6 8. a4 e5 9.
Bg5 h6 10. Be3 Nh5 11. g3 Kh7 12. Be2 Nf6 13. h4 Ne8 14. h5 g5 15. Bg4 Bxg4 16.
Qxg4 f5 17. exf5 Nf6 18. Qe2 e4 19. Nh3 Qc8 20. g4 Nbd7 21. Bxg5 Nxg4 22. Qxg4
Ne5 23. Qxe4 Qxf5 24. Be3 Nd3+ 25. Ke2 Nxb2 26. Rac1 Rae8 27. Qxf5+ Rxf5 28.
Nd1 Nxa4 29. Rb1 b6 30. Kd3 b5 31. Nf4 Nb6 32. cxb5 axb5 33. Rxb5 Nxd5 34. Nxd5
Rxd5+ 35. Kc4 Rde5 36. Nc3 R8e7 37. Rbb1 Rf5 38. Rbd1 Be5 39. Rd5 Rb7 40. Nb5
Rf6 41. Rhd1 Rb6 42. Bxc5 dxc5 43. Rxe5 Rxf2 44. Rd7+ Kg8 45. Re8+ Rf8 46.
Rxf8+ Kxf8 47. Kxc5 Re6 48. Kd5 Re1 49. Nd6 Kg8 50. Ne4 Rh1 51. Ke6 Kf8 52.
Rf7+ 1-0